Je Ruská federácia krajinou "tretieho sveta"?

Krátka charakteristika ekonomiky Ruskej federácie. Palivovo-energetické odvetvie v Ruskej federácii. Rozvojové štáty a tzv. ropné štáty. Ruská federácia a Európska únia - vzťahy a spolupráca. Je Rusko bez ropy a jadrových zbraní krajinou tretieho sveta?

Gespeichert in:
Bibliographische Detailangaben
1. Verfasser: Glavatskich, Maria
Format: Buchkapitel
Sprache:Slowakisch
Schlagworte:
Tags: Tag hinzufügen
Keine Tags, Fügen Sie das erste Tag hinzu!

MARC

LEADER 00000nla$a2200000$$$4500
001 0085007
005 20240502071951.2
041 0 |a slo 
044 |a SK 
245 1 0 |a Je Ruská federácia krajinou "tretieho sveta"?  |c Maria Glavatskich 
520 |a Krátka charakteristika ekonomiky Ruskej federácie. Palivovo-energetické odvetvie v Ruskej federácii. Rozvojové štáty a tzv. ropné štáty. Ruská federácia a Európska únia - vzťahy a spolupráca. Je Rusko bez ropy a jadrových zbraní krajinou tretieho sveta? 
610 2 0 |a situácia hospodárska 
610 2 0 |a rozvoj hospodársky 
610 2 0 |a ropa 
610 2 0 |a spolupráca medzinárodná 
610 2 0 |a energetika 
610 2 0 |a Rusko 
610 2 0 |a Európska únia 
100 1 |a Glavatskich, Maria